| 000 | 00541nam a22001811a 4500 | ||
|---|---|---|---|
| 001 | 4825 | ||
| 003 | OSt | ||
| 005 | 20260204211949.0 | ||
| 008 | 050919s1985||||dr ||||||b||||||||||spa|| | ||
| 050 | _aRD 335.009 M814c | ||
| 100 | _aMorel, Radhamés Hungría | ||
| 245 | _aCalendas históricas y militares dominicanas / Radhamés Hungría Morel | ||
| 264 | _aSanto Domingo: Museo Nacional de Historia y Geografía | ||
| 300 | _a298 p | ||
| 500 | _aIncluye indice. | ||
| 650 | _a1.Historia militar - República DominicanaÌ | ||
| 942 |
_2ddc _cBK |
||
| 999 |
_c4825 _d4825 |
||